Intuitive topology /

Guardado en:
Autor Principal: Prasolov, V. V.
Formato: Libro
Idioma:English
Russian
Publicado: [Providence, R.I.] : American Mathematical Society, c1995.
Series:Mathematical world ; v. 4
Etiquetas: Agregar Etiqueta
Sin Etiquetas, Sea el primero en etiquetar este registro!
LEADER 00741nam a22002055a 4500
001 MAT.inmabb000066
008 940802s1995####riua#####b####001#0#eng##
005 20130311140121.0
245 1 0 |a Intuitive topology /  |c V. V. Prasolov ; translated from the Russian by A. Sossinsky. 
260 |a [Providence, R.I.] :  |b American Mathematical Society,  |c c1995. 
300 |a viii, 95 p. :  |b il. ;  |c 26 cm. 
440 0 |a Mathematical world ;  |v v. 4 
504 |a Includes bibliographical references (p. 93) and index. 
510 4 |a MR,  |c 96m:57001 
020 |a 0821803565 
240 1 0 |a Nagliadnaia topologiia.  |l Inglés 
100 1 |a Prasolov, V. V.  |q (Viktor Vasil´evich) 
084 |a 57-01  |2 msc2000 
041 1 |a eng  |h rus 
859 |h 57  |i P911  |p A-7763  |b BIB. MATEMATICA